Third schedule planning rights (Record no. 85699)

MARC details
000 -LEADER
fixed length control field 00397cam a2200181 4500
001 - CONTROL NUMBER
control field D6598
008 - FIXED-LENGTH DATA ELEMENTS--GENERAL INFORMATION
fixed length control field 090401t1963 xxu||||| |||| 00| 0 eng d
035 ## - SYSTEM CONTROL NUMBER
System control number (Sirsi) u1815
041 ## - LANGUAGE CODE
Language code of text/sound track or separate title eng
050 ## - LIBRARY OF CONGRESS CALL NUMBER
Classification number 711.026
100 ## - MAIN ENTRY--PERSONAL NAME
Personal name Leach, W.
245 ## - TITLE STATEMENT
Title Third schedule planning rights
260 ## - PUBLICATION, DISTRIBUTION, ETC.
Name of publisher, distributor, etc. Estates Gazette
Date of publication, distribution, etc. 1963
300 ## - PHYSICAL DESCRIPTION
Extent 70p
350 ## - PRICE (NR) (BK AM CF MU VM SE) [OBSOLETE]
Price 0.63
942 ## - ADDED ENTRY ELEMENTS (KOHA)
Suppress in OPAC 0
948 ## - LOCAL PROCESSING INFORMATION (OCLC); SERIES PART DESIGNATOR (RLIN)
c (OCLC) 04/03/1997
Holdings
Withdrawn status Lost status Source of classification or shelving scheme Damaged status Not for loan Home library Current library Shelving location Date acquired Cost, normal purchase price Total Checkouts Full call number Barcode Date last seen Copy number Cost, replacement price Price effective from Koha item type
    Dewey Decimal Classification     London London Basement 14/09/1999 0.63   SHELF 118 30009914 06/08/2019 1 0.63 06/08/2019 Reference material